000 01435nam a2200325 a 4500
001 BRCA_3002
005 20190320204050.0
008 190109s1678----fr-#---###---#000-0#fre-u
041 _afre
044 _afr
084 _a321
_b.B374
_c1678
100 1 _aCervantes Saavedra, Miguel de
_d1547-1616
_9213
245 1 0 _aHistoire de L´Admirable Don Quichotte de la Manche
_cMiguel de Cervantes Saavedra; Traduite par Filleau de Saint-Martin.
250 _a2
260 _aParís
_bClaude Barbin
_c1678
300 _a4 v.
_c17 cm.
500 _aContenido : v 1. Primera parte. Advertencia del traductor. Texto. -- v 2. Texto. -- v 3. Segunda parte. Texto. -- v 4. Texto
500 _aSegunda edición de la traducción de Filleau de Saint-Martin, sin cambios de importancia. Semipiel; lomeras decoradas con dorados Lúdovik Osterc
500 _aEstado físico : Ejemplar defectuoso. Los capítulos 1° y 2° de la primera parte encabezan el vol. IV
500 _aQM246A
546 _aTexto en : francés
650 1 4 _aNovela española
_yÉpoca clásica, 1500-1700
_9215
650 1 4 _aLiteraturra española
_yÉpoca clásica, 1500-1700
_98292
650 1 4 _aNovela española
_ySiglo XVII
_9217
650 1 4 _aDon Quijote (Personaje ficticio)
_eNovela
_9218
700 1 _aSaint-Martin, Francois Filleau de
_d1632-1695
_eTraductor
_98293
740 0 _aEl Ingenioso Hidalgo Don Quijote de la Mancha
902 _aQFM
942 _2lcc
_cB
999 _c2740
_d2740